000 00526nam a2200193Ia 4500
003 GCL
008 140319s9999 xx 000 0 eng d
040 _aGCL /
_cGCL
082 0 4 _aCC
_b962
_bR E
100 1 _aROBERTO, DAVID
245 1 0 _aEGYPT: YESTERDAY AND TODAY /
_cROBERTO, DAVID
260 _a[S.N] :
_bTHE AMERICAN UNIVERSITY IN CAIRO PRESS ،
_c1996
300 _a271 P
650 0 4 _aEGYPT - HISTORY - MODERN AGE
650 0 4 _aANCIENT EGYPT
650 0 4 _aHISTORY
650 0 4 _aEGYPT - HISTORY
942 _2ddc
_cBK
999 _c13706
_d13706